000 00561nam a22001937a 4500
005 20251108172011.0
008 250721s1980 xx 000 0 ara d
082 1 4 _a811.609/جوز
100 1 _aغريب، جورج
245 1 0 _aابن الرومي :
_bدراسة عامة /
250 _aط4
264 1 _aبيروت :
_bدار الثقافة،
_c1980.
300 _a170ص
490 0 _aالموسوع في الأدب العربي، 11
650 1 7 _aالشعر العباسي
650 1 7 _aتاريخ و نقد
942 _2ddc
_cBK
999 _c67939
_d67939